[Event "Canadian Open ch 2007"]
[Site "Ottawa CAN"]
[Date "2007.07.15"]
[Round "10"]
[White "Vul, Arkady"]
[Black "Upper, John"]
[Result "1-0"]
[WhiteElo "2312"]
[BlackElo "2123"]
[PlyCount "131"]
[EventDate "2007.07.07"]
[EventType "swiss"]
[EventRounds "9"]
[EventCountry "CAN"]
[Source "lmi"]
[SourceDate "2007.07.07"]

1. Nf3 d5 2. d4 Nf6 3. c4 c6 4. cxd5 cxd5 5. Nc3 Nc6 6. Bf4 a6 7. e3 Bg4 8. h3
Bxf3 9. Qxf3 e6 10. Bd3 h6 11. O-O Bd6 12. Rac1 Bxf4 13. Qxf4 Qb8 14. Qxb8+
Rxb8 15. Na4 Kd7 16. Rc3 Kd6 17. Rfc1 Nb4 18. Bb1 Nd7 19. f4 f5 20. Kf2 Rhf8
21. a3 Nc6 22. Bd3 Ne7 23. g4 g5 24. Kg3 gxf4+ 25. exf4 Rg8 26. Nc5 Nf6 27. Kf3
fxg4+ 28. hxg4 Nxg4 29. Re1 Nh2+ 30. Kf2 Ng4+ 31. Kg3 Nf5+ 32. Bxf5 exf5 33.
Re6+ Kc7 34. Nxa6+ Kd7 35. Nc5+ Kd8 36. Kh4 b6 37. Na6 Rb7 38. Rcc6 Nf2 39.
Red6+ Ke8 40. Nc7+ Kf8 41. Nxd5 Ne4 42. Rd8+ Kf7 43. Rxg8 Kxg8 44. Rxh6 Rg7 45.
Nf6+ Nxf6 46. Rxf6 Rg4+ 47. Kh5 Rxf4 48. Rxb6 Kf7 49. Kg5 Rf2 50. b4 Ra2 51.
Kxf5 Rxa3 52. Rb7+ Ke8 53. Ke6 Ra6+ 54. Kd5 Kd8 55. b5 Rh6 56. Kc5 Kc8 57. Rg7
Rh1 58. d5 Rc1+ 59. Kd6 Rb1 60. Rg8+ Kb7 61. Ke7 Rxb5 62. d6 Re5+ 63. Kf6 Rd5
64. Ke6 Rd1 65. d7 Kc7 66. Rc8+ 1-0

[Event "Canadian Open ch 2007"]
[Site "Ottawa CAN"]
[Date "2007.07.15"]
[Round "10"]
[White "Jiang, Louie"]
[Black "Barron, Michael"]
[Result "0-1"]
[WhiteElo "2200"]
[BlackElo "2305"]
[PlyCount "124"]
[EventDate "2007.07.07"]
[EventType "swiss"]
[EventRounds "9"]
[EventCountry "CAN"]
[Source "lmi"]
[SourceDate "2007.07.07"]

1. e4 e5 2. Nf3 Nc6 3. Bb5 Nf6 4. O-O Ng4 5. h3 h5 6. c3 a6 7. Ba4 Qf6 8. d4 d6
9. Re1 Be7 10. Bg5 Qg6 11. Bxe7 Kxe7 12. Bxc6 bxc6 13. dxe5 Nxe5 14. Nxe5 dxe5
15. Qf3 a5 16. Nd2 a4 17. Qe3 Qh6 18. Qc5+ Qd6 19. Qe3 f6 20. Nc4 Qe6 21. Qc5+
Kf7 22. b4 Bd7 23. Na5 Rhb8 24. f4 exf4 25. Qxh5+ Kg8 26. Rad1 Be8 27. Qf3 c5
28. a3 cxb4 29. cxb4 c5 30. e5 fxe5 31. Rd5 Bh5 32. Qd3 Bg6 33. Qc4 Bf7 34.
Rxc5 Qxc4 35. Nxc4 Bxc4 36. Rxc4 Rb5 37. Rd1 Ra7 38. Kf2 Rb6 39. Rd5 Re7 40. b5
e4 41. Rg5 Rd6 42. Ke2 e3 43. Rc2 Red7 44. Rgc5 Rd2+ 45. Rxd2 Rxd2+ 46. Kf1
Rf2+ 47. Kg1 Ra2 48. b6 Rb2 49. Kf1 Rxb6 50. Rf5 Rb1+ 51. Ke2 Rb2+ 52. Ke1 Rf2
53. h4 g6 54. Rg5 Kf7 55. h5 gxh5 56. Rxh5 Kf6 57. Ra5 Rxg2 58. Rxa4 Kf5 59.
Ra8 f3 60. Rf8+ Ke4 61. Re8+ Kd3 62. Rd8+ Kc3 0-1

[Event "Canadian Open ch 2007"]
[Site "Ottawa CAN"]
[Date "2007.07.15"]
[Round "10"]
[White "Predescu, Sebastian"]
[Black "Ziegler, Richard"]
[Result "1-0"]
[WhiteElo "2277"]
[BlackElo "2181"]
[PlyCount "73"]
[EventDate "2007.07.07"]
[EventType "swiss"]
[EventRounds "9"]
[EventCountry "CAN"]
[Source "lmi"]
[SourceDate "2007.07.07"]

1. e4 d6 2. d4 Nf6 3. Nc3 g6 4. Be3 c6 5. f3 Nbd7 6. g4 h6 7. Qd2 Bg7 8. Nge2
b5 9. Ng3 Qc7 10. h4 Nb6 11. Nd1 h5 12. g5 Nfd7 13. Qf2 e5 14. c3 O-O 15. Be2
Nc4 16. Bxc4 bxc4 17. O-O f5 18. exf5 gxf5 19. Nxh5 f4 20. Bc1 Nb6 21. Nxg7
Qxg7 22. dxe5 dxe5 23. b3 Bf5 24. Ba3 Rfd8 25. Nb2 cxb3 26. axb3 Nd5 27. Rfe1
Ne3 28. Re2 Qf7 29. Bc5 Nc2 30. Rxc2 Bxc2 31. Qxc2 Rd5 32. Bf2 Rd7 33. Nc4 Qe8
34. Qf5 Rd5 35. Re1 Rb8 36. b4 Rb7 37. Rxe5 1-0

[Event "Canadian Open ch 2007"]
[Site "Ottawa CAN"]
[Date "2007.07.15"]
[Round "10"]
[White "Szalay, Karoly"]
[Black "Henry, Liam"]
[Result "1-0"]
[WhiteElo "2174"]
[BlackElo "2274"]
[PlyCount "67"]
[EventDate "2007.07.07"]
[EventType "swiss"]
[EventRounds "9"]
[EventCountry "CAN"]
[Source "lmi"]
[SourceDate "2007.07.07"]

1. e4 c5 2. Nf3 d6 3. d4 cxd4 4. Nxd4 Nf6 5. Nc3 a6 6. Bg5 e6 7. f4 Qb6 8. Nb3
Be7 9. Qf3 Nbd7 10. O-O-O Qc7 11. g4 b5 12. Bd3 b4 13. Ne2 Bb7 14. Bxf6 Nxf6
15. g5 Nd7 16. Kb1 a5 17. Nbd4 a4 18. f5 e5 19. f6 exd4 20. fxe7 Ne5 21. Qf2 b3
22. Qxd4 bxa2+ 23. Kxa2 Kxe7 24. Qb4 a3 25. bxa3 Nxd3 26. Rxd3 Qxc2+ 27. Ka1
Rhb8 28. Rxd6 Ke8 29. Nd4 Qg2 30. Re1 Bc6 31. Qc3 Rxa3+ 32. Qxa3 Ra8 33. Rd8+
Kxd8 34. Nxc6+ 1-0

[Event "Canadian Open ch 2007"]
[Site "Ottawa CAN"]
[Date "2007.07.15"]
[Round "10"]
[White "Simic, Dusan"]
[Black "Saint Amand, Paul"]
[Result "1-0"]
[WhiteElo "2278"]
[BlackElo "2200"]
[PlyCount "117"]
[EventDate "2007.07.07"]
[EventType "swiss"]
[EventRounds "9"]
[EventCountry "CAN"]
[Source "lmi"]
[SourceDate "2007.07.07"]

1. c4 Nf6 2. g3 e6 3. Bg2 c5 4. Nc3 Nc6 5. e4 d5 6. cxd5 exd5 7. exd5 Nb4 8. d3
Nbxd5 9. Nge2 Be7 10. O-O O-O 11. Nf4 Nxf4 12. Bxf4 Bd6 13. Bxd6 Qxd6 14. Ne4
Qd4 15. Qc2 Nxe4 16. dxe4 Be6 17. Rfd1 Qb4 18. f4 Rfd8 19. f5 Rxd1+ 20. Qxd1
Bc4 21. b3 Ba6 22. Qd6 Qc3 23. Rd1 Qe3+ 24. Kh1 f6 25. Qd2 Qxd2 26. Rxd2 Bb5
27. e5 fxe5 28. Bxb7 Re8 29. Be4 Kf8 30. Kg1 c4 31. a4 Ba6 32. Rd6 Bc8 33. bxc4
Ke7 34. Rc6 Kd7 35. Rc5 Re7 36. Kf2 Kd8 37. Ke3 Rc7 38. Rd5+ Bd7 39. Bd3 e4 40.
Kxe4 Ke7 41. Ra5 Bc6+ 42. Ke5 Rd7 43. Be4 Bxe4 44. Kxe4 Rc7 45. c5 Kd8 46. Kd5
Rd7+ 47. Kc4 Rc7 48. Ra6 Kd7 49. Kd5 Ke7 50. Re6+ Kd7 51. g4 Kd8 52. c6 Rf7 53.
Re2 h5 54. h3 hxg4 55. hxg4 Rf6 56. Re6 Rf7 57. a5 Rf8 58. Kd6 Rf7 59. c7+ 1-0

[Event "Canadian Open ch 2007"]
[Site "Ottawa CAN"]
[Date "2007.07.15"]
[Round "10"]
[White "Saleh, Maher"]
[Black "Ostermeier, Ralf"]
[Result "1/2-1/2"]
[WhiteElo "2250"]
[BlackElo "2124"]
[PlyCount "66"]
[EventDate "2007.07.07"]
[EventType "swiss"]
[EventRounds "9"]
[EventCountry "CAN"]
[Source "lmi"]
[SourceDate "2007.07.07"]

1. Nf3 Nf6 2. g3 b6 3. Bg2 Bb7 4. O-O c5 5. c4 e6 6. d4 cxd4 7. Qxd4 Qc7 8. Nc3
Nc6 9. Qf4 Qxf4 10. Bxf4 Be7 11. Rfd1 O-O 12. Bd6 Rfd8 13. Nb5 Kf8 14. b3 Ne8
15. Ng5 Bxd6 16. Nxd6 Nxd6 17. Rxd6 Ke7 18. Rad1 h6 19. Nf3 Rac8 20. Ne5 Rc7
21. Bxc6 Bxc6 22. f3 f6 23. Nxc6+ Rxc6 24. Rxc6 dxc6 25. Rxd8 Kxd8 26. Kf2 Kd7
27. Ke3 Kd6 28. Kd4 c5+ 29. Kd3 g6 30. f4 f5 31. e4 Kd7 32. e5 a6 33. a4 a5
1/2-1/2

[Event "Canadian Open ch 2007"]
[Site "Ottawa CAN"]
[Date "2007.07.15"]
[Round "10"]
[White "Xiong, Jerry"]
[Black "Gordon, David"]
[Result "0-1"]
[WhiteElo "2151"]
[BlackElo "2239"]
[PlyCount "92"]
[EventDate "2007.07.07"]
[EventType "swiss"]
[EventRounds "9"]
[EventCountry "CAN"]
[Source "lmi"]
[SourceDate "2007.07.07"]

1. e4 c5 2. Nf3 Nc6 3. d4 cxd4 4. Nxd4 Nf6 5. Nc3 e5 6. Ndb5 d6 7. Bg5 a6 8.
Na3 b5 9. Bxf6 gxf6 10. Nd5 Bg7 11. c3 f5 12. Bd3 Be6 13. Qh5 O-O 14. exf5 Bxd5
15. f6 e4 16. fxg7 Re8 17. Be2 Re5 18. Qh6 b4 19. Nc2 bxc3 20. bxc3 Qa5 21. O-O
Qxc3 22. Ne3 Nd4 23. Bg4 Be6 24. Rac1 Qb2 25. Rc7 Re8 26. Bh5 Rc5 27. Ng4 Rf5
28. Bg6 fxg6 29. Qxg6 hxg6 30. Nh6+ Kh7 31. g8=Q+ Kxh6 32. Rh7+ Kg5 33. h4+ Kf4
34. Qxe8 Ne2+ 35. Kh2 Qf6 36. Qb8 Bxa2 37. Qb6 Bc4 38. Rd1 d5 39. Qe3+ Ke5 40.
Qa7 Qd6 41. g3 d4 42. Kg2 Bd5 43. Qg7+ Rf6 44. f4+ exf3+ 45. Kf2 Nc3 46. Re1+
Ne4+ 0-1

[Event "Canadian Open ch 2007"]
[Site "Ottawa CAN"]
[Date "2007.07.15"]
[Round "10"]
[White "Bick, John"]
[Black "Aniag, Danilo"]
[Result "1-0"]
[WhiteElo "2217"]
[BlackElo "1956"]
[PlyCount "103"]
[EventDate "2007.07.07"]
[EventType "swiss"]
[EventRounds "9"]
[EventCountry "CAN"]
[Source "lmi"]
[SourceDate "2007.07.07"]

1. d4 Nf6 2. c4 e6 3. Nc3 Bb4 4. e3 b6 5. Nge2 Ne4 6. f3 Nxc3 7. bxc3 Be7 8.
Ng3 Bh4 9. Bd3 Qg5 10. Kf2 f5 11. f4 Qg6 12. Qf3 c6 13. Ba3 d5 14. Bd6 Nd7 15.
cxd5 exd5 16. Be5 O-O 17. Rhd1 Bb7 18. Kg1 Bxg3 19. Qxg3 c5 20. Qh3 Rac8 21.
Rac1 Qg4 22. Qxg4 fxg4 23. Be2 h5 24. h3 gxh3 25. Bxh5 hxg2 26. Bg4 Rcd8 27.
Bc7 Kf7 28. Bxd8 Rxd8 29. Bxd7 Rxd7 30. Kxg2 Re7 31. Kf2 Kf6 32. dxc5 bxc5 33.
c4 d4 34. exd4 Re4 35. dxc5 Rxf4+ 36. Kg3 Re4 37. c6 Bxc6 38. Rd6+ Re6 39. Rcd1
a6 40. Kf4 Ke7 41. Rxe6+ Kxe6 42. Rg1 Kd6 43. Ke3 Kc5 44. Kd3 Bd7 45. Kc3 Bh3
46. Rxg7 Bf1 47. Rg5+ Kb6 48. Kb4 a5+ 49. Kc3 Be2 50. Rb5+ Ka6 51. Rb2 Bf3 52.
Kd4 1-0